000 00533 a2200157 4500
999 _c5618
_d5618
020 _a0393955362
050 _aQA109.CHA 1984
100 _aHudson Deborah
_eauthor
245 _aThe challenge of the unknown :
_b teaching guide to accompany the film series/
_cDeborah A. Hudson and Joshua G Miller
264 _aNew York :
_b Norton,
_c ♭1986.
300 _a276 pages : illustrations ; 27 cm
500 _alncludes index
650 _aMathematics -- Study and teaching.
700 _aMiller, G Joshua
942 _2lcc
_cBK
_h109
_iHUD
_kQA